Statystyki dla Kwalifikacje Ligi Mistrzów 23/24

Kliknij tutaj aby rozwiązać quiz!

Ogólne statystyki

  • Ten quiz został rozwiązany 51 razy
  • Średni wynik to 12 z 39

Statystyki odpowiedzi

NarodowośćKlub% Poprawnych
PolskaRaków Częstochowa
92%
TurcjaGalatasaray
61%
DaniaFC Kopenhaga
56%
EstoniaFlora Tallinn
53%
NorwegiaMolde
50%
CyprAris Limassol
42%
WęgryFerencvaros
42%
FinlandiaHJK Helsinki
42%
IzraelMaccabi Haifa
42%
ChorwacjaDinamo Zagrzeb
39%
AzerbejdżanQarabag Agdam
39%
BiałoruśBATE Borysów
36%
Wyspy OwczeKlaksvik
36%
MołdawiaSheriff Tyraspol
36%
LitwaŻalgiris Wilno
33%
BułgariaŁudogorec Razgrad
31%
SłowacjaSlovan Bratysława
31%
WaliaThe New Saints
31%
GibraltarLincoln Red Imps F.C.
28%
SłoweniaOlimpija Ljubljana
28%
AlbaniaPartizani
28%
IslandiaBreidablik
25%
BelgiaGenk
25%
SzwecjaHacken
25%
GrecjaPanathinaikos
25%
Macedonia PółnocnaStruga
25%
RumuniaFarul Konstanca
19%
SzwajcariaServette
19%
GruzjaDinamo Tbilisi
17%
KosowoFC Ballkani
17%
IrlandiaShamrock Rovers
17%
ŁotwaValmiera
17%
MaltaHamrun
14%
Irlandia PółnocnaLarne
14%
UkrainaDnipro-1
11%
KazachstanFC Astana
11%
Bośnia i HercegowinaZrinjski Mostar
11%
LuksemburgHesperange
8%
ArmeniaUrartu
6%

Rozkład punktacji

Percentyl według liczby udzielonych odpowiedzi

Procent ludzi z każdym wynikiem

Twoja historia wyników

Nie rozwiązałeś tego quizu